[Event "ch-CHN w 2015"]
[Site "Xinghua CHN"]
[Date "2015.05.27"]
[Round "9.6"]
[White "Zhai, Mo"]
[Black "Zhu, Ying"]
[Result "1-0"]
[WhiteTitle "WIM"]
[WhiteElo "2330"]
[BlackElo "2128"]
[WhiteFideId "8600201"]
[BlackFideId "8604770"]
[EventDate "2015.05.18"]

1. d4 d5 2. c4 e6 3. Nc3 Nf6 4. Bg5 c6 5. e3 Bb4 6. Qc2 Nbd7 7. cxd5 exd5 8. Bd3
h6 9. Bh4 Qe7 10. Ne2 g5 11. Bg3 Ne4 12. O-O-O Ndf6 13. h4 Rg8 14. hxg5 hxg5 15.
Nxe4 dxe4 16. Bc4 Be6 17. Kb1 Bxc4 18. Qxc4 O-O-O 19. Rh6 Bd6 20. Bxd6 Rxd6 21.
Ng3 Rd5 22. Rdh1 Qd8 23. Qe2 Kb8 24. f3 Re8 25. Rf1 a6 26. Rxf6 Qxf6 27. fxe4
Qg6 28. Qc2 Rb5 29. e5 Qe6 30. Ne4 Rg8 31. Rf6 Qg4 32. Nd6 Rh8 33. a4 Rh1+ 34.
Ka2 Rb4 35. e6 fxe6 36. Rf8+ Kc7 37. Ne8+ 1-0

[Event "ch-CHN w 2015"]
[Site "Xinghua CHN"]
[Date "2015.05.28"]
[Round "10.1"]
[White "Ni, Shiqun"]
[Black "Zhu, Ying"]
[Result "1-0"]
[WhiteTitle "WIM"]
[WhiteElo "2393"]
[BlackElo "2128"]
[WhiteFideId "8608466"]
[BlackFideId "8604770"]
[EventDate "2015.05.18"]

1. e4 e6 2. d4 d5 3. Nd2 c5 4. exd5 exd5 5. Ngf3 Nc6 6. Bb5 Bd6 7. O-O cxd4 8.
Nb3 Ne7 9. Nbxd4 O-O 10. h3 Bc7 11. Bg5 f6 12. Bh4 a6 13. Ba4 Kh8 14. c3 Bf5 15.
Re1 g5 16. Bxc6 Nxc6 17. Nxf5 gxh4 18. N3xh4 Ne5 19. Qd2 Qd7 20. Rad1 Rad8 21.
Qh6 Qf7 22. f4 Nc6 23. Re2 Rg8 24. Rde1 Bb6+ 25. Kh1 Bc5 26. Re6 Rdf8 27. b4 Ne5
28. bxc5 Qxe6 29. Rxe5 1-0

[Event "ch-CHN w 2015"]
[Site "Xinghua CHN"]
[Date "2015.05.28"]
[Round "10.2"]
[White "Guo, Qi"]
[Black "Zhai, Mo"]
[Result "1-0"]
[WhiteTitle "IM"]
[BlackTitle "WIM"]
[WhiteElo "2424"]
[BlackElo "2330"]
[WhiteFideId "8604002"]
[BlackFideId "8600201"]
[EventDate "2015.05.18"]

1. d4 Nf6 2. Nf3 e6 3. c4 d5 4. Nc3 Bb4 5. cxd5 exd5 6. Bf4 c6 7. e3 Bf5 8. Qb3
Qb6 9. Nd2 Nbd7 10. Be2 O-O 11. O-O Rfe8 12. h3 a5 13. a3 Bf8 14. Qxb6 Nxb6 15.
g4 Bg6 16. f3 Nfd7 17. Rfc1 Be7 18. Kg2 h6 19. Bg3 Rac8 20. Bf2 c5 21. Nb3 a4
22. Nxc5 Bxc5 23. dxc5 Nxc5 24. Bb5 Red8 25. Ne2 Nc4 26. Bxc4 dxc4 27. Nd4 Nd3
28. Rc2 Nf4+ 29. exf4 Bxc2 30. Nxc2 Rd2 31. Ne3 Rxb2 32. Rc1 b5 33. Kg3 Rd8 34.
Nf5 Rdd2 35. Bd4 Ra2 36. Bxg7 Rxa3 37. Re1 Rd8 38. Bf6 Ra8 39. Nxh6+ Kh7 40. g5
Ra6 41. Ng4 Re6 42. Be5 Kg6 43. Nh6 Re8 44. Kg4 f6 45. gxf6 Rd3 46. f5+ Kh7 47.
f7 Rf8 48. Bf4 a3 49. Rg1 c3 50. Kg5 Rxf3 51. Bd6 c2 52. Bxf8 Rg3+ 53. Kh4 Rxg1
54. Bxa3 b4 55. Bb2 c1=Q 56. Bxc1 Kg7 57. Be3 Rd1 58. Bc5 Rd8 59. f6+ Kxh6 60.
f8=Q+ Rxf8 61. Bxf8+ Kg6 62. Bxb4 1-0

[Event "ch-CHN w 2015"]
[Site "Xinghua CHN"]
[Date "2015.05.28"]
[Round "10.3"]
[White "Tan, Zhongyi"]
[Black "Wang, Jue"]
[Result "1/2-1/2"]
[WhiteTitle "WGM"]
[BlackTitle "WGM"]
[WhiteElo "2475"]
[BlackElo "2369"]
[WhiteFideId "8603642"]
[BlackFideId "8604070"]
[EventDate "2015.05.18"]

1. d4 Nf6 2. c4 g6 3. Nc3 Bg7 4. e4 O-O 5. Nf3 d6 6. Be2 Na6 7. O-O e5 8. Be3 c6
9. dxe5 dxe5 10. Qxd8 Rxd8 11. Rfd1 Re8 12. h3 Bf8 13. Nd2 Nc5 14. f3 a5 15. Nb3
Nfd7 16. Nxc5 Bxc5 17. Kf2 Bxe3+ 18. Kxe3 Nc5 19. b3 Be6 20. Rd2 Kf8 21. h4 Ke7
22. Rad1 Rg8 23. Rb2 Rgd8 24. Rbd2 Rg8 25. Rb2 Rgd8 26. Rbd2 Rg8 27. Rb2 Rgd8
28. Rbd2 Rg8 29. Rb2 Rgd8 30. Rbd2 1/2-1/2

[Event "ch-CHN w 2015"]
[Site "Xinghua CHN"]
[Date "2015.05.28"]
[Round "10.4"]
[White "Zhang, Xiaowen"]
[Black "Xiao, Yiyi"]
[Result "1-0"]
[WhiteTitle "WGM"]
[BlackTitle "WFM"]
[WhiteElo "2353"]
[BlackElo "2253"]
[WhiteFideId "8603219"]
[BlackFideId "8606161"]
[EventDate "2015.05.18"]

1. e4 c5 2. Nf3 e6 3. d4 cxd4 4. Nxd4 Nc6 5. Nc3 Qc7 6. Be2 a6 7. O-O Nf6 8. Be3
Bb4 9. Na4 Be7 10. Nxc6 bxc6 11. Nb6 Rb8 12. Nxc8 Qxc8 13. Bd4 c5 14. Be5 Rb6
15. Qd3 d6 16. Bc3 O-O 17. b3 d5 18. exd5 Nxd5 19. Be5 a5 20. Qg3 Bf6 21. Bxf6
Nxf6 22. Rfd1 Nd5 23. Rd2 a4 24. Bc4 Ne7 25. Rad1 Nf5 26. Qc3 Qc6 27. Bf1 axb3
28. cxb3 h6 29. Rd8 Nd4 30. Rxf8+ Kxf8 31. Rc1 Ke7 32. Qxc5+ Qxc5 33. Rxc5 Kd6
34. Rc4 Nc6 35. f3 Ne5 36. Rc3 Kd5 37. Kf2 Kd4 38. Rc7 g5 39. Ke2 Ra6 40. Rc2
Rb6 41. Kd2 f5 42. Rc3 g4 43. a4 gxf3 44. gxf3 Nc6 45. Rc4+ Kd5 46. Kc3 e5 47.
b4 Rb8 48. Rh4 Rh8 49. Rc4 Rg8 50. b5 Nd4 51. b6 Rg1 52. b7 Rxf1 53. b8=Q Rc1+
54. Kd3 Rd1+ 55. Kc3 Rc1+ 56. Kd2 Rxc4 57. Qb7+ Kc5 58. a5 Rc2+ 59. Kd3 Ra2 60.
Qe7+ Kc6 61. Qf6+ 1-0

[Event "ch-CHN w 2015"]
[Site "Xinghua CHN"]
[Date "2015.05.28"]
[Round "10.6"]
[White "Li, Xueyi"]
[Black "Ding, Yixin"]
[Result "0-1"]
[BlackTitle "WGM"]
[WhiteElo "2226"]
[BlackElo "2433"]
[WhiteFideId "8605912"]
[BlackFideId "8602972"]
[EventDate "2015.05.18"]

1. d4 Nf6 2. c4 e6 3. Nc3 d5 4. cxd5 exd5 5. Bg5 Be7 6. e3 c6 7. Bd3 Nbd7 8.
Nge2 O-O 9. Qc2 Re8 10. O-O h6 11. Bf4 Nf8 12. h3 Ne6 13. Bh2 Bd6 14. Bxd6 Qxd6
15. Rab1 Ng5 16. Ng3 Rxe3 17. fxe3 Qxg3 18. Kh1 Qxe3 19. Rbe1 Qxd4 20. Rxf6 gxf6
21. Re8+ Kg7 22. Qe2 Bg4 0-1

[Event "ch-CHN w 2015"]
[Site "Xinghua CHN"]
[Date "2015.05.29"]
[Round "11.1"]
[White "Ding, Yixin"]
[Black "Ni, Shiqun"]
[Result "1-0"]
[WhiteTitle "WGM"]
[BlackTitle "WIM"]
[WhiteElo "2433"]
[BlackElo "2393"]
[WhiteFideId "8602972"]
[BlackFideId "8608466"]
[EventDate "2015.05.18"]

1. e4 e5 2. Nf3 Nf6 3. Nxe5 d6 4. Nf3 Nxe4 5. c4 Be7 6. d4 Bg4 7. h3 Bh5 8. Qb3
Nd7 9. Qxb7 Bxf3 10. gxf3 Ng5 11. Nc3 O-O 12. Qc6 Rb8 13. b3 Rb6 14. Qd5 c6 15.
Qf5 g6 16. Qd3 Re8 17. Bg2 Ne6 18. O-O Bf6 19. Be3 Bxd4 20. f4 Ndc5 21. Qd2 Qf6
22. Rac1 Rc8 23. Ne2 Bxe3 24. fxe3 Ng7 25. b4 Nce6 26. Ng3 Rd8 27. Ne4 Qe7 28.
Qc3 f5 29. Nxd6 c5 30. bxc5 Nxc5 31. Bd5+ Nge6 32. Nb5 Qh4 33. Rf3 h5 34. Nc7
Rbd6 35. Nxe6 Nxe6 36. Rb1 Kf7 37. Kg2 Qf6 38. Qa5 R8d7 39. Rf2 h4 40. Kh2 g5
41. Bxe6+ Kxe6 42. Rb5 g4 43. Re5+ Kf7 44. Rxf5 g3+ 45. Kg2 gxf2 46. Kxf2 Kg7
47. Rxf6 Rxf6 48. Qg5+ Rg6 49. Qxh4 Rd2+ 50. Kf3 Rxa2 51. Qe7+ Kh6 52. f5 Rg1
53. Ke4 a5 54. Qh4+ Kg7 55. Ke5 Re2 56. f6+ Kg6 57. Qe4+ Kh6 58. f7 1-0

[Event "ch-CHN w 2015"]
[Site "Xinghua CHN"]
[Date "2015.05.29"]
[Round "11.3"]
[White "Xiao, Yiyi"]
[Black "Lei, Tingjie"]
[Result "1/2-1/2"]
[WhiteTitle "WFM"]
[BlackTitle "WGM"]
[WhiteElo "2253"]
[BlackElo "2449"]
[WhiteFideId "8606161"]
[BlackFideId "8605114"]
[EventDate "2015.05.18"]

1. d4 Nf6 2. c4 g6 3. g3 Bg7 4. Bg2 d5 5. cxd5 Nxd5 6. Nf3 Nb6 7. O-O Nc6 8. e3
O-O 9. Nc3 Re8 10. d5 Na5 11. Nd4 Bd7 12. e4 c6 13. b3 cxd5 14. exd5 Rc8 15. Bb2
Nbc4 16. Bc1 Qb6 17. Nce2 Ne5 18. h3 Qa6 19. Be3 Red8 20. Qd2 Be8 21. Bg5 Bf8
22. Qe3 Qd6 23. Rfe1 Nd7 24. Nc3 Nf6 25. Ne4 Qb6 26. Bxf6 exf6 27. g4 Bg7 28.
Rad1 Bd7 29. Qf4 Rf8 30. h4 h6 31. h5 Kh7 32. Nd6 Rcd8 33. Nxf7 g5 34. Qe4+ f5
35. Nxf5 Rxf7 36. Nd6+ Kg8 37. Nxf7 Rf8 38. Ne5 Qxf2+ 39. Kh1 Qh4+ 1/2-1/2

[Event "ch-CHN w 2015"]
[Site "Xinghua CHN"]
[Date "2015.05.29"]
[Round "11.4"]
[White "Wang, Jue"]
[Black "Zhang, Xiaowen"]
[Result "1/2-1/2"]
[WhiteTitle "WGM"]
[BlackTitle "WGM"]
[WhiteElo "2369"]
[BlackElo "2353"]
[WhiteFideId "8604070"]
[BlackFideId "8603219"]
[EventDate "2015.05.18"]

1. e4 e6 2. d4 d5 3. Nc3 Nf6 4. Bg5 dxe4 5. Nxe4 Nbd7 6. Nf3 h6 7. Nxf6+ Nxf6 8.
Bh4 c5 9. Bd3 Qa5+ 10. c3 cxd4 11. Nxd4 Bd7 12. O-O Bd6 13. Re1 O-O-O 14. Qf3
Qc7 15. Bg3 Bxg3 16. hxg3 h5 17. a4 h4 18. g4 Bc6 19. Nxc6 Qxc6 20. Be4 Nxe4 21.
Rxe4 Rd7 22. Qf4 Qd6 23. Qe3 Qd3 24. Qc5+ Kb8 25. Qe5+ Ka8 26. Qxg7 Rhd8 27. Re3
Qc2 28. Qf6 Qxb2 29. Rae1 Qa3 30. Qf4 a6 1/2-1/2

[Event "ch-CHN w 2015"]
[Site "Xinghua CHN"]
[Date "2015.05.29"]
[Round "11.5"]
[White "Zhai, Mo"]
[Black "Tan, Zhongyi"]
[Result "1/2-1/2"]
[WhiteTitle "WIM"]
[BlackTitle "WGM"]
[WhiteElo "2330"]
[BlackElo "2475"]
[WhiteFideId "8600201"]
[BlackFideId "8603642"]
[EventDate "2015.05.18"]

1. d4 d5 2. c4 e6 3. Nc3 Bb4 4. Nf3 Nf6 5. Bg5 h6 6. Bxf6 Qxf6 7. e3 O-O 8. Rc1
dxc4 9. Bxc4 c5 10. O-O cxd4 11. Nxd4 Bd7 12. Qb3 Nc6 13. Nxc6 Bxc3 14. Qxc3
Bxc6 15. Qxf6 gxf6 16. Rfd1 Rfd8 17. f3 f5 18. Kf2 Kg7 19. Ke2 Kf6 20. Rxd8 Rxd8
21. Bd3 Ke5 22. Rc5+ Rd5 23. Rxd5+ Bxd5 24. b3 Bc6 25. Kd2 a6 26. Kc3 f4 27. e4
f6 28. a4 Kd6 29. Kb4 e5 30. a5 Bd7 31. Bc4 Bc6 1/2-1/2

[Event "ch-CHN w 2015"]
[Site "Xinghua CHN"]
[Date "2015.05.29"]
[Round "11.6"]
[White "Zhu, Ying"]
[Black "Guo, Qi"]
[Result "0-1"]
[BlackTitle "IM"]
[WhiteElo "2128"]
[BlackElo "2424"]
[WhiteFideId "8604770"]
[BlackFideId "8604002"]
[EventDate "2015.05.18"]

1. e4 c6 2. d4 d5 3. exd5 cxd5 4. Bd3 Nc6 5. c3 Qc7 6. h3 Nf6 7. Nf3 g6 8. O-O
Bg7 9. Re1 O-O 10. Bg5 h6 11. Be3 Ne4 12. Qc1 g5 13. h4 f6 14. Na3 Bf5 15. Nb5
Qd7 16. c4 Nb4 17. Bf1 Nd6 18. Na3 Nd3 19. Bxd3 Bxd3 20. hxg5 hxg5 21. c5 Nf7
22. Qc3 Bf5 23. b4 a6 24. Qb3 Nd8 25. Nb1 e6 26. a4 Rf7 27. Na3 Bf8 28. b5 Rh7
29. Nc2 Qf7 30. Kf1 Qg6 31. Rec1 Rh1+ 32. Ke2 Bxc2 33. Qc3 Rxc1 0-1